Estadísticas para Banderas con más amarillo

Haz click aquí para intentar la prueba.

Estadísticas generales

  • Esta prueba ha sido intentada 4.148 veces
  • La puntuación promedio es 7 de 8

Estadísticas de respuestas

Respuesta% Correcto
España
100%
Colombia
99%
Ciudad del Vaticano
97%
Ucrania
97%
Ecuador
96%
Bután
88%
Brunéi
74%
San Vicente y las Granadinas
66%

Distribución de puntuación

Porcentaje por número respondido

Porcentaje de gente con cada puntuación

Historial de tus puntuaciones

No has intentado esta prueba.